000
00297 a2200133 4500
003
Nust
005
20170207153501.0
020
_a
0864423217
040
_c
Nust
082
_a
954
100
_a
Finlay , Hugh
245
_a
India
_b
A Lonely Planet Travel urvival Kitqq
_c
Hugh FinlAY
260
_a
India
_b
india
300
_a
1134:p
999
_c
187341
_d
187341